Financing private infrastructure projects : (Record no. 542720)
[ view plain ]
| 000 -LEADER | |
|---|---|
| fixed length control field | 00739cam a2200181 a 4500 |
| 020 ## - INTERNATIONAL STANDARD BOOK NUMBER | |
| International Standard Book Number | 0821330675 |
| 082 00 - DEWEY DECIMAL CLASSIFICATION NUMBER | |
| Classification number | 363.091724 |
| Author Mark | BON |
| -- | D |
| 100 1# - MAIN ENTRY--PERSONAL NAME | |
| Personal name | Bond, Gary E. |
| 9 (RLIN) | 38020 |
| 245 10 - TITLE STATEMENT | |
| Title | Financing private infrastructure projects : |
| Remainder of title | emerging trends from IFC's experience / |
| Statement of responsibility, etc. | Gary Bond, Laurence Carter. |
| 260 ## - PUBLICATION, DISTRIBUTION, ETC. | |
| Place of publication, distribution, etc. | Washington, D.C. : |
| Name of publisher, distributor, etc. | World Bank, |
| Date of publication, distribution, etc. | c1994. |
| 300 ## - PHYSICAL DESCRIPTION | |
| Extent | xv, 55 p. : |
| Other physical details | ill. ; |
| Dimensions | 28 cm. |
| 490 1# - SERIES STATEMENT | |
| Series statement | IFC International Finance Corporation discussion paper, |
| 526 ## - STUDY PROGRAM INFORMATION NOTE | |
| Program name | 0 |
| Interest level | 0 |
| Reading level | 0 |
| Title point value | 363_091724000000000_BON |
| 650 #0 - SUBJECT ADDED ENTRY--TOPICAL TERM | |
| Topical term or geographic name entry element | Economic development projects |
| Geographic subdivision | Developing countries |
| General subdivision | Finance. |
| 9 (RLIN) | 38021 |
| 650 #0 - SUBJECT ADDED ENTRY--TOPICAL TERM | |
| Topical term or geographic name entry element | Infrastructure (Economics) |
| Geographic subdivision | Developing countries |
| General subdivision | Finance. |
| 9 (RLIN) | 38022 |
| 700 1# - ADDED ENTRY--PERSONAL NAME | |
| Personal name | Carter, Laurence, |
| 9 (RLIN) | 38023 |
| 942 ## - ADDED ENTRY ELEMENTS (KOHA) | |
| Source of classification or shelving scheme | |
| Koha item type | Book |
| Withdrawn status | Lost status | Source of classification or shelving scheme | Damaged status | Not for loan | Permanent Location | Current Location | Date acquired | Total Checkouts | Full call number | Barcode | Date last seen | Price effective from | Koha item type |
|---|---|---|---|---|---|---|---|---|---|---|---|---|---|
| Military College of Engineering (MCE) | Military College of Engineering (MCE) | 02/12/2014 | 363.091724 BON | MCE-43216 | 02/12/2014 | 02/12/2014 | Book |
